000 01336nam a2200325 i 4500
003 EG-GICUC
005 20260306211958.0
008 260306s1916 fr ||||fr|||| 00| 0 fre d
040 _aEG-GiCUC
_bfre
_cEG-GiCUC
_dEG-GiCUC
_eRda
041 _afre
082 0 4 _221
_a341.6
_bLE . P
092 0 4 _221
099 _aLaw1 11 341.6 LE . P 1916
100 1 _a Le Bon, D Gustave
_eAuteur
245 1 0 _aPremières Conséquences De La Guerre :
_bTransformation Mentale Des Peuples /
_cD Gustave Le Bon.
264 1 _aParis :
_bErnest Flammarion,
_c1916.
300 _a336 page ;
_c 24 cm.
_billustration ;
336 _2rda contenu
_a texte
337 _2rda medias
_aOrdinateur
338 _2 transporteur rda
_a Ressource en ligne
500 _aLa Perte Des (Rusions Changements Da Mentalité Créés Par La Guerre Formation De Personnalités Neuvolles Evolution Psychologique Des Divers Pays Le Nouveau Droit International L'europe Pourra-t-elle Öviter In Militariama ? L'interdependance Des Peuples Facteur De Pais
504 _aBibliography: pages 200-250. 240-220
546 _aTexte en français
650 1 4 _aDroit de la guerre
_2qrmak
650 1 4 _a Droit international humanitaire
_2qrmak
651 1 _2qrmak
856 4 0 _uhttps://fll.law.cu.edu.eg/fulltext/bks/B11-08707.pdf
905 _a79
942 _2ddc
_cBK
_e21
_n0
999 _c65241
_d65241